Пролетарская революция и ренегат Каутский

Dettagli Bibliografici
Autore principale: Ленин В. И. Владимир Ильич
Riassunto:Исключено из фонда НТБ ТПУ
Lingua:russo
Pubblicazione: Москва, Политиздат, 1987
Natura: MixedMaterials Libro
KOHA link:https://koha.lib.tpu.ru/cgi-bin/koha/opac-detail.pl?biblionumber=266962

MARC

LEADER 00000nam0a2200000 4500
001 266962
005 20231101234039.0
035 |a (RuTPU)RU\TPU\book\289982 
090 |a 266962 
100 |a 20140718d1987 km y0rusy50 ca 
101 0 |a rus 
102 |a RU 
105 |a y z 000zy 
200 1 |a Пролетарская революция и ренегат Каутский  |f В. И. Ленин 
210 |a Москва  |c Политиздат  |d 1987 
215 |a 119 с. 
333 |a Исключено из фонда НТБ ТПУ 
700 1 |a Ленин  |b В. И.  |c настоящая фамилия Ульянов  |c российский политический деятель  |f 1870-1924  |g Владимир Ильич  |9 486 
801 1 |a RU  |b 63413507  |c 20140718 
801 2 |a RU  |b 63413507  |c 20220301  |g RCR 
942 |c BK